| 000 | 01107nam a2200277 i 4500 | ||
|---|---|---|---|
| 003 | EG-ScBUE | ||
| 005 | 20231109102107.0 | ||
| 008 | 090818s2004 ua o f 000 0aaara d | ||
| 017 | _a2004 / 15694 | ||
| 020 | _a9770192805 | ||
| 040 |
_aEG-ScBUE _bara _erda _cEG-ScBUE _dEG-ScBUE |
||
| 082 | 0 | 4 |
_222 _a928.1 _bع س ا |
| 100 | 1 |
_922093 _aعسال، فتحية، _d1933-2014، _eمؤلف. |
|
| 245 | 1 | 0 |
_aحضن العمر : _bالسيرة الذاتية. _nالجزءان 3، 4 / _cفتحية العسال. |
| 264 | 1 |
_aالقاهرة : _bالهيئة المصرية العامة للكتاب، _c2004. |
|
| 300 |
_a299 صفحة : _bصور ؛ _c20 سم. |
||
| 336 |
_2rdacontent _aنص _btxt |
||
| 337 |
_aبدون وسيط _2rdamedia _bn |
||
| 338 |
_aمجلد _bnc _2rdacarrier |
||
| 490 | 0 |
_aمكتبة الأسرة. _aأدب السيرة الذاتية |
|
| 600 | 1 | 7 |
_922093 _aعسال، فتحية، _d1933-2014. _2BUEsh |
| 650 | 7 |
_922094 _aالمرأة كفنانة _vتراجم. _2BUEsh |
|
| 650 | 7 |
_911526 _aالأدباء المصريون _vتراجم. _2BUEsh |
|
| 655 | _vReading book | ||
| 942 |
_2ddc _cBB |
||
| 999 |
_c12621 _d12621 |
||